00385nam a2200121Ia 4500008004100000020001800041041000800059082002500067100001300092245009100105260005900196300000800255230411s9999 xx 000 0 und d a81-88973-83-1 aeng aP/305.908/TUL/B06255 aTuli Uma aBetter Care of Children with Locomotor Disability : Marching ahead for better tomorrow bVoluntary Health Association of IndiaaNew Delhic2000 a30p